Christian Leadership / (Record no. 3395)

MARC details
000 -LEADER
fixed length control field 00507nam a2200169Ia 4500
003 - CONTROL NUMBER IDENTIFIER
control field GBCCL
005 - DATE AND TIME OF LATEST TRANSACTION
control field 20241126110454.0
008 - FIXED-LENGTH DATA ELEMENTS--GENERAL INFORMATION
fixed length control field 171127b xxu||||| |||| 00| 0 eng d
040 ## - CATALOGING SOURCE
Transcribing agency gbc
082 ## - DEWEY DECIMAL CLASSIFICATION NUMBER
Classification number 262.1
Item number FRA
100 ## - MAIN ENTRY--PERSONAL NAME
Personal name Francis, Mary, Johnson & Preston
9 (RLIN) 6921
245 ## - TITLE STATEMENT
Title Christian Leadership /
Statement of responsibility, etc. Francis, et. al.
260 ## - PUBLICATION, DISTRIBUTION, ETC.
Name of publisher, distributor, etc. The Sunday school board of the Southern Baptist Convention,
Place of publication, distribution, etc. Nashville:
Date of publication, distribution, etc. 1934
300 ## - PHYSICAL DESCRIPTION
Extent 156p.;
Dimensions 20 cm.
650 ## - SUBJECT ADDED ENTRY--TOPICAL TERM
Topical term or geographic name entry element Christian leadership
9 (RLIN) 1568
942 ## - ADDED ENTRY ELEMENTS (KOHA)
Source of classification or shelving scheme Dewey Decimal Classification
Koha item type Books
Koha issues (borrowed), all copies 7
Holdings
Withdrawn status Lost status Source of classification or shelving scheme Damaged status Not for loan Home library Current Library Shelving location Date acquired Total checkouts Full call number Barcode Date last seen Date last checked out Copy number Price effective from Koha item type
    Dewey Decimal Classification     GRACE BIBLE COLLEGE GRACE BIBLE COLLEGE Ministry & Mission 2017-11-27 5 262.1 FRA 005888 2025-05-01 2020-11-23 c.1 2017-11-27 Books
    Dewey Decimal Classification     GRACE BIBLE COLLEGE GRACE BIBLE COLLEGE Ministry & Mission 2017-11-27 2 262.1 FRA 005889 2025-05-01 2018-03-01 c.2 2017-11-27 Books
© Grace Bible College Library 2025